[Event "NRW Class2 0708"]
[Site "Germany"]
[Date "2008.04.27"]
[Round "9.2"]
[White "Osthoff, Peter"]
[Black "Schoenthier, Frank"]
[Result "1/2-1/2"]
[WhiteElo "2022"]
[BlackElo "2338"]
[PlyCount "26"]
[EventDate "2007.09.16"]
[EventType "team"]
[EventRounds "9"]
[EventCountry "GER"]
[SourceTitle "EXT 2009"]
[Source "ChessBase"]
[SourceDate "2008.11.26"]
[SourceVersion "1"]
[SourceVersionDate "2008.11.26"]
[SourceQuality "1"]
[WhiteTeam "Hagen"]
[BlackTeam "Monheim"]
[WhiteTeamCountry "GER"]
[BlackTeamCountry "GER"]

1. e4 c5 2. Nf3 d6 3. c4 Bg4 4. Be2 Nc6 5. Nc3 g6 6. d3 Bg7 7. 0-0 Nf6 8. h3 Bxf3 9. Bxf3 0-0 10. g3 a6 11. Be3 Nd7 12. Bg2 Rb8 13. Qd2 Nd4 1/2-1/2

[Event "NRW Class2 0708"]
[Site "Germany"]
[Date "2007.10.14"]
[Round "2.2"]
[White "Osthoff, Peter"]
[Black "Stanetzek, Carsten"]
[Result "0-1"]
[WhiteElo "2022"]
[BlackElo "2260"]
[PlyCount "74"]
[EventDate "2007.09.16"]
[EventType "team"]
[EventRounds "9"]
[EventCountry "GER"]
[SourceTitle "EXT 2009"]
[Source "ChessBase"]
[SourceDate "2008.11.26"]
[SourceVersion "1"]
[SourceVersionDate "2008.11.26"]
[SourceQuality "1"]
[WhiteTeam "Hagen"]
[BlackTeam "Niederkassel"]
[WhiteTeamCountry "GER"]
[BlackTeamCountry "GER"]

1. e4 e5 2. Nf3 Nf6 3. Nxe5 d6 4. Nf3 Nxe4 5. d4 d5 6. c4 Bb4+ 7. Nbd2 0-0 8. Be2 Nc6 9. 0-0 Bg4 10. cxd5 Qxd5 11. Bc4 Qf5 12. Bd3 Bxd2 13. Bxd2 Bxf3 14. gxf3 Qg6+ 15. Kh1 Nxf2+ 16. Rxf2 Qxd3 17. Qg1 Rfd8 18. Bc3 Rd5 19. Qg3 Rc8 20. Re1 h6 21. Re4 Qb1+ 22. Kg2 Rg5 23. Rg4 Qf5 24. h4 Rxg4 25. fxg4 Qd5+ 26. Kg1 Nxd4 27. Qf4 c5 28. b4 b6 29. Qe3 Qe6 30. Qd3 Re8 31. bxc5 bxc5 32. g5 hxg5 33. hxg5 Ne2+ 34. Kf1 Nxc3 35. Qxc3 Qd5 36. Kg1 Qxg5+ 37. Rg2 Qe5 0-1

[Event "NRW Class2 0607"]
[Site "Germany"]
[Date "2006.12.17"]
[Round "4.2"]
[White "Stark, Lars"]
[Black "Osthoff, Peter"]
[Result "1/2-1/2"]
[WhiteElo "2419"]
[BlackElo "2113"]
[PlyCount "134"]
[EventDate "2006.09.17"]
[EventType "team-tourn"]
[EventRounds "9"]
[EventCountry "GER"]
[SourceTitle "EXT 2008"]
[Source "ChessBase"]
[SourceDate "2007.11.25"]
[SourceVersion "1"]
[SourceVersionDate "2007.11.25"]
[SourceQuality "1"]
[WhiteTeam "Duesseldorf"]
[BlackTeam "Hagen"]
[WhiteTeamCountry "GER"]
[BlackTeamCountry "GER"]

1. c4 d6 2. g3 e5 3. Bg2 f5 4. Nc3 Nf6 5. d3 Be7 6. e3 c6 7. d4 Be6 8. b3 Nbd7 9. Nge2 g6 10. 0-0 h5 11. d5 cxd5 12. Nxd5 Nxd5 13. Bxd5 Bxd5 14. Qxd5 Qc7 15. Nc3 Nf6 16. Qe6 Qd7 17. Qxd7+ Kxd7 18. Rd1 Ke6 19. Ba3 Rhd8 20. Rd2 Rd7 21. Rad1 Rad8 22. Nd5 Nxd5 23. Rxd5 b6 24. Bb4 h4 25. a4 hxg3 26. hxg3 e4 27. Bc3 Bf6 28. Bxf6 Kxf6 29. Kf1 Ke6 30. Ke2 Rc8 31. Kd2 Rc5 32. Kc3 a5 33. R1d2 Rd8 34. R2d4 Rd7 35. Rd1 Rd8 36. R1d4 Rd7 37. Kd2 Rd8 38. Ke2 Rxd5 39. Rxd5 Rc8 40. Rb5 Rc6 41. Kf1 Kf6 42. g4 Kg5 43. gxf5 gxf5 44. Rd5 Kg4 45. Kg2 f4 46. exf4 Kxf4 47. Kf1 Kf3 48. Ke1 Rc8 49. Rxd6 Rh8 50. Rf6+ Kg4 51. Rxb6 Rh3 52. Ke2 Rc3 53. Kd2 Rd3+ 54. Ke2 Rc3 55. Rb8 Kf4 56. Kd2 Rd3+ 57. Kc2 Kf3 58. Rf8+ Ke2 59. Rf4 Rd2+ 60. Kc1 Rd1+ 61. Kb2 Rd2+ 62. Ka3 Kd3 63. b4 Kc3 64. bxa5 Rd1 65. Ka2 Rd2+ 66. Kb1 Rd1+ 67. Ka2 Rd2+ 1/2-1/2

[Event "NRW Class2 0607"]
[Site "Germany"]
[Date "2006.11.26"]
[Round "3.2"]
[White "Engels, Natia"]
[Black "Osthoff, Peter"]
[Result "0-1"]
[WhiteElo "2159"]
[BlackElo "2113"]
[PlyCount "56"]
[EventDate "2006.09.17"]
[EventType "team-tourn"]
[EventRounds "9"]
[EventCountry "GER"]
[SourceTitle "EXT 2008"]
[Source "ChessBase"]
[SourceDate "2007.11.25"]
[SourceVersion "1"]
[SourceVersionDate "2007.11.25"]
[SourceQuality "1"]
[WhiteTeam "Muenster II"]
[BlackTeam "Hagen"]
[WhiteTeamCountry "GER"]
[BlackTeamCountry "GER"]

1. d4 d6 2. c4 e5 3. e3 f5 4. Nc3 Nf6 5. d5 g6 6. Nf3 Bg7 7. Be2 Nbd7 8. Rb1 h5 9. b4 Qe7 10. Qc2 h4 11. Ba3 e4 12. Nd4 Ne5 13. h3 g5 14. c5 g4 15. hxg4 Nfxg4 16. Ncb5 Nxf2 17. Nxc7+ Kf7 18. Kxf2 Qg5 19. Rh3 Ng4+ 20. Bxg4 fxg4 21. Nde6 Qf5+ 22. Ke2 gxh3 23. Rf1 Qxf1+ 24. Kxf1 h2 25. Ng5+ Kg6 26. Nxa8 h1Q+ 27. Kf2 Rf8+ 28. Nf3 Rxf3+ 0-1

[Event "NRW Class2 0304"]
[Site "Germany"]
[Date "2003.11.09"]
[Round "3.6"]
[White "Osthoff, Peter"]
[Black "Schirbel, Andreas"]
[Result "1/2-1/2"]
[WhiteElo "2141"]
[BlackElo "2255"]
[PlyCount "41"]
[EventDate "2003.09.28"]
[EventType "team"]
[EventRounds "9"]
[EventCountry "GER"]
[SourceTitle "CBM 098 Extra"]
[Source "ChessBase"]
[SourceDate "2004.03.10"]
[SourceVersion "2"]
[SourceVersionDate "2004.03.10"]
[SourceQuality "1"]
[WhiteTeam "Hagen"]
[BlackTeam "Gelsenkirchen Hassel"]
[WhiteTeamCountry "GER"]
[BlackTeamCountry "GER"]

1. Nf3 d6 2. d4 Bg4 3. e4 Nf6 4. Nc3 c6 5. h3 Bxf3 6. Qxf3 e5 7. dxe5 dxe5 8. Bc4 b5 9. Bb3 Be7 10. Qg3 0-0 11. Bh6 Ne8 12. Rd1 Qc7 13. 0-0 Nd7 14. a3 a5 15. f4 Kh8 16. Bg5 f6 17. Bh4 exf4 18. Qxf4 Qxf4 19. Rxf4 Nc5 20. Rf3 b4 21. Na4 1/2-1/2